| 000 | 00661nam a2200181Ia 4500 | ||
|---|---|---|---|
| 003 | GCL | ||
| 008 | 140319s9999 xx 000 0 ara d | ||
| 040 |
_aGCL / _cGCL |
||
| 082 | 0 | 4 |
_aط _b239.2 _bع ن |
| 100 | 1 | _aعلى عبدالمنعم عبدالحميد | |
| 245 | 1 | 0 |
_aنفحات من سيرة الرسول وصحبه : المولد والنشأة / _cعلى عبدالمنعم عبدالحميد |
| 300 | _a96 ص | ||
| 490 |
_aرياض الايمان _v0 |
||
| 650 | 0 | 4 | _aالسيرة النبوية |
| 650 | 0 | 4 | _aالسيرة النبوية- كفالة جده وعمه |
| 650 | 0 | 4 | _aالسيرة النبوية - من الميلاد |
| 942 |
_2ddc _cBK |
||
| 999 |
_c48038 _d48038 |
||